000 00277nam a22001217a 4500
008 160503b xxu||||| |||| 00| 0 eng d
020 _a0443087245
020 _a0443087245
041 _aeng
080 _a61
245 _aHuman embryology:
_cWilliam J. Larsen;
942 _2udc
_cBK
999 _c1756
_d1756